[Event "Hilton Open 2012"]
[Site "Basel"]
[Date "2012.01.04"]
[Round "6"]
[White "Soulas, Gilles"]
[Black "Grandadam, Nicolas"]
[Result "0-1"]
[WhiteElo "2211"]
[BlackElo "2342"]
[PlyCount "150"]
[EventDate "2012.??.??"]
[EventRounds "7"]
[EventCountry "SUI"]
[SourceDate "2012.01.01"]

1. d4 d5 2. c4 e6 3. Nc3 c6 4. Nf3 dxc4 5. a4 Bb4 6. e3 b5 7. Bd2 a5 8. axb5
Bxc3 9. Bxc3 cxb5 10. b3 Bb7 11. bxc4 b4 12. Bb2 Nf6 13. Be2 O-O 14. O-O Nbd7
15. c5 Bc6 16. Nd2 a4 17. Bf3 Qc7 18. e4 Rfb8 19. d5 exd5 20. exd5 Nxd5 21.
Bxd5 Bxd5 22. Rxa4 Rxa4 23. Qxa4 Nxc5 24. Qc2 Qe7 25. Qf5 Rd8 26. Qg4 Ne6 27.
Ne4 Bxe4 28. Qxe4 Rd2 29. Bc1 Rd4 30. Qa8+ Rd8 31. Qe4 Qd6 32. Be3 Rb8 33. Ba7
Rb5 34. Qa8+ Qd8 35. Qxd8+ Nxd8 36. Rd1 Ne6 37. Kf1 Kf8 38. Ke2 Nf4+ 39. Ke3
Nxg2+ 40. Kd4 b3 41. Bc5+ Ke8 42. Kc4 Rb7 43. Bb4 b2 44. Rb1 Kd7 45. Rxb2 Ke6
46. Rb3 Nf4 47. Rf3 Nd5 48. Bc5 Rb1 49. Kd3 Rh1 50. Ke2 Rxh2 51. Kf1 Rh4 52.
Rg3 g6 53. Kg1 Rc4 54. Ba7 h5 55. Ra3 Rg4+ 56. Kh2 Rc4 57. Ra6+ Ke5 58. Bb8+
Kf5 59. Ra5 Rd4 60. Ba7 Rd3 61. Kg2 g5 62. Kh2 f6 63. Ra4 h4 64. Kg2 g4 65. Bb8
Rd2 66. Kg1 Rb2 67. Bd6 Rb6 68. Bh2 Rb1+ 69. Kg2 h3+ 70. Kg3 Rb3+ 71. Kh4 Rb4
72. Rxb4 Nxb4 73. Kg3 Nd3 74. f3 Ne5 75. fxg4+ Nxg4 0-1

[Event "Hilton Open 2012"]
[Site "Basel"]
[Date "2012.01.04"]
[Round "6"]
[White "Milosevic, Goran"]
[Black "Graeber, Fabien"]
[Result "1-0"]
[WhiteElo "2340"]
[BlackElo "2074"]
[PlyCount "61"]
[EventDate "2012.??.??"]
[EventRounds "7"]
[EventCountry "SUI"]
[SourceDate "2012.01.01"]

1. e4 e6 2. d4 d5 3. Nd2 c5 4. Ngf3 cxd4 5. exd5 Qxd5 6. Bc4 Qd6 7. O-O Nf6 8.
Nb3 Nc6 9. Qe2 Be7 10. Rd1 Qc7 11. Nbxd4 Nxd4 12. Rxd4 a6 13. Bf4 Qc5 14. Be5
b5 15. b4 Qb6 16. Bd3 Bb7 17. Re1 Rd8 18. Rh4 h6 19. a3 Rc8 20. Rh3 Bd5 21. Rg3
Rg8 22. Nd2 Qc6 23. c3 g6 24. a4 Bc4 25. Nxc4 bxc4 26. Bc2 Nh5 27. Re3 Bf6 28.
Be4 Qxa4 29. Bb7 Ke7 30. Bxf6+ Nxf6 31. Rxe6+ 1-0

[Event "Hilton Open 2012"]
[Site "Basel"]
[Date "2012.01.04"]
[Round "6"]
[White "Dunn, Alan"]
[Black "Alfred, Nathan"]
[Result "1/2-1/2"]
[WhiteElo "2135"]
[BlackElo "2288"]
[PlyCount "36"]
[EventDate "2012.??.??"]
[EventRounds "7"]
[EventCountry "SUI"]
[SourceDate "2012.01.01"]

1. e4 g6 2. d4 d6 3. h3 Bg7 4. Nf3 Nf6 5. Bd3 O-O 6. O-O c5 7. c3 Nc6 8. Re1 e5
9. dxc5 dxc5 10. Be3 Qe7 11. Qc2 Nh5 12. Nbd2 Nf4 13. Bf1 Be6 14. a4 Rac8 15.
Nc4 Rfd8 16. Rad1 f6 17. Rxd8+ Rxd8 18. Rd1 Bf8 1/2-1/2

[Event "Hilton Open 2012"]
[Site "Basel"]
[Date "2012.01.04"]
[Round "6"]
[White "Eidinger, Helmut"]
[Black "Borda, Alan"]
[Result "0-1"]
[WhiteElo "2104"]
[BlackElo "2157"]
[PlyCount "88"]
[EventDate "2012.??.??"]
[EventRounds "7"]
[EventCountry "SUI"]
[SourceDate "2012.01.01"]

1. e4 c6 2. d4 d5 3. e5 Bf5 4. Ne2 e6 5. Ng3 Bg6 6. h4 h6 7. h5 Bh7 8. Bd3 Bxd3
9. Qxd3 Qa5+ 10. c3 Qa6 11. Qxa6 Nxa6 12. Be3 c5 13. dxc5 Bxc5 14. Bxc5 Nxc5
15. Ke2 Ne7 16. Na3 a6 17. Rad1 g5 18. Rhe1 b5 19. Kf1 Nc6 20. Rd2 Nd7 21. Rde2
Ke7 22. Nc2 Rac8 23. a3 Nc5 24. Nb4 a5 25. Nxc6+ Rxc6 26. Rd2 Rb8 27. Ne2 Nb3
28. Rd3 Rc4 29. Nd4 Nxd4 30. cxd4 b4 31. Red1 bxa3 32. bxa3 Rb2 33. Ke1 Rcc2
34. R1d2 Rxd2 35. Rxd2 Rb3 36. Ke2 Rxa3 37. Rb2 Kf8 38. Rb8+ Kg7 39. Ra8 a4 40.
Ra7 Ra1 41. g3 a3 42. Kd3 a2 43. Kc3 Rc1+ 44. Kb2 Rf1 0-1

[Event "Hilton Open 2012"]
[Site "Basel"]
[Date "2012.01.04"]
[Round "6"]
[White "Bender, Dirk"]
[Black "Schmidt, Ralf"]
[Result "0-1"]
[WhiteElo "2069"]
[BlackElo "2156"]
[PlyCount "110"]
[EventDate "2012.??.??"]
[EventRounds "7"]
[EventCountry "SUI"]
[SourceDate "2012.01.01"]

1. c4 g6 2. g3 Bg7 3. Bg2 d6 4. e3 e5 5. Ne2 Nf6 6. Nbc3 O-O 7. O-O h5 8. Rb1
a5 9. a3 h4 10. b4 axb4 11. axb4 hxg3 12. fxg3 Nbd7 13. d3 Re8 14. Bd2 Nf8 15.
Qc2 N8h7 16. e4 Be6 17. Kh1 c6 18. Ng1 d5 19. exd5 cxd5 20. c5 e4 21. Ra1 Rxa1
22. Rxa1 Bf5 23. Rf1 exd3 24. Qa2 Be4 25. Nb5 Bxg2+ 26. Kxg2 Ne4 27. Bf4 Qd7
28. Nd6 Nxd6 29. Qxd5 Qf5 30. Qxd6 Qe4+ 31. Nf3 Bc3 32. b5 g5 33. c6 bxc6 34.
Qxc6 Qxc6 35. bxc6 gxf4 36. Rc1 d2 37. Rd1 Rc8 38. Nxd2 Rxc6 39. Rc1 Rc7 40.
gxf4 Nf6 41. Nb1 Ne4 42. Kf3 f5 43. Rc2 Kg7 44. Rg2+ Kf6 45. Rc2 Rh7 46. Kg2
Rc7 47. Kf3 Kg6 48. Rg2+ Kh5 49. Na3 Bd2 50. Nb5 Rd7 51. Rg8 Rd3+ 52. Ke2 Re3+
53. Kd1 Re1+ 54. Kc2 Be3 55. Nc3 Rc1+ 0-1

[Event "Hilton Open 2012"]
[Site "Basel"]
[Date "2012.01.04"]
[Round "6"]
[White "Heinis, Vincent"]
[Black "Suter, Stephan"]
[Result "1/2-1/2"]
[WhiteElo "2146"]
[BlackElo "2032"]
[PlyCount "25"]
[EventDate "2012.??.??"]
[EventRounds "7"]
[EventCountry "SUI"]
[SourceDate "2012.01.01"]

1. Nf3 Nf6 2. c4 g6 3. b4 Bg7 4. Bb2 O-O 5. g3 d6 6. Bg2 e5 7. O-O Nbd7 8. Nc3
Re8 9. Qb3 a5 10. a3 axb4 11. axb4 Rxa1 12. Rxa1 c6 13. d3 1/2-1/2

[Event "Hilton Open 2012"]
[Site "Basel"]
[Date "2012.01.04"]
[Round "6"]
[White "Deubelbeiss, Rene"]
[Black "Terraz, Christian"]
[Result "1/2-1/2"]
[WhiteElo "2007"]
[BlackElo "2130"]
[PlyCount "95"]
[EventDate "2012.??.??"]
[EventRounds "7"]
[EventCountry "SUI"]
[SourceDate "2012.01.01"]

1. c4 e5 2. g3 Nc6 3. Nc3 Bb4 4. Nd5 Be7 5. Bg2 f5 6. e4 fxe4 7. Bxe4 Nf6 8.
Nxf6+ Bxf6 9. Qh5+ g6 10. Qd1 d6 11. d3 O-O 12. Be3 Nd4 13. Bxd4 exd4 14. Ne2
c6 15. O-O Bg4 16. Qd2 Re8 17. Rfe1 Qd7 18. Bg2 Re5 19. Nf4 Bg5 20. b4 Rf8 21.
c5 Ref5 22. f3 Bh5 23. Bh3 Bxf4 24. gxf4 Rg5+ 25. fxg5 Qxh3 26. Qg2 Qd7 27. Rf1
dxc5 28. bxc5 Qf5 29. f4 Qxd3 30. Rae1 Qf5 31. Re5 Qd7 32. Qe4 d3 33. Re7 Qg4+
34. Kh1 Qf5 35. Qc4+ Qd5+ 36. Qxd5+ cxd5 37. Rf2 Be2 38. Rexe2 dxe2 39. Rxe2
Rxf4 40. Re7 Rf7 41. Re8+ Rf8 42. Re7 Rf1+ 43. Kg2 Rc1 44. Rxb7 Rxc5 45. Rxa7
d4 46. h4 Rc2+ 47. Kf3 Rh2 48. Kg3 1/2-1/2

[Event "Hilton Open 2012"]
[Site "Basel"]
[Date "2012.01.04"]
[Round "6"]
[White "Arounopoulos, Stephan"]
[Black "Roesch, Mario"]
[Result "1/2-1/2"]
[WhiteElo "2116"]
[BlackElo "1975"]
[PlyCount "105"]
[EventDate "2012.??.??"]
[EventRounds "7"]
[EventCountry "SUI"]
[SourceDate "2012.01.01"]

1. d4 Nf6 2. c4 g6 3. Nc3 Bg7 4. e4 d6 5. Nf3 O-O 6. Be2 e5 7. O-O Nc6 8. d5
Ne7 9. Ne1 Nd7 10. f3 f5 11. Be3 f4 12. Bf2 g5 13. Rc1 Rf6 14. c5 dxc5 15. Nd3
b6 16. b4 cxb4 17. Nxb4 Nc5 18. Na4 Nxa4 19. Qxa4 a5 20. Nd3 Ng6 21. Rc3 Bf8
22. Rfc1 Bd6 23. Nb2 Nf8 24. Nc4 Nd7 25. Qc6 Ba6 26. Kf1 Nc5 27. Bxc5 Bxc5 28.
d6 Bxd6 29. Qd5+ Kf8 30. Nxe5 Bxe2+ 31. Kxe2 Bxe5 32. Qxe5 Qd6 33. Qxg5 Rd8 34.
Kf1 Rg6 35. Qf5+ Kg8 36. e5 Qd2 37. R3c2 Qd3+ 38. Qxd3 Rxd3 39. Rxc7 Rd2 40.
Rb7 Kh8 41. Rc8+ Rg8 42. Rxg8+ Kxg8 43. Rxb6 Rxa2 44. Rf6 Ra1+ 45. Kf2 Ra2+ 46.
Ke1 Rxg2 47. Rxf4 Rxh2 48. Ra4 Kf7 49. Rxa5 Ke6 50. f4 Kf5 51. Ra4 Rb2 52. Rd4
h5 53. Kf1 1/2-1/2

[Event "Hilton Open 2012"]
[Site "Basel"]
[Date "2012.01.04"]
[Round "6"]
[White "Sand, Rolf"]
[Black "Gass, Ulrich"]
[Result "0-1"]
[WhiteElo "2000"]
[BlackElo "2101"]
[PlyCount "58"]
[EventDate "2012.??.??"]
[EventRounds "7"]
[EventCountry "SUI"]
[SourceDate "2012.01.01"]

1. Nf3 g6 2. d4 c5 3. g3 cxd4 4. Nxd4 Nc6 5. c4 Bg7 6. Nc2 d6 7. Bg2 h5 8. h3
Be6 9. Ne3 Qd7 10. Qa4 Rc8 11. Nd2 Nh6 12. Rb1 O-O 13. h4 Rfd8 14. b3 Nf5 15.
Nxf5 Bxf5 16. Ne4 Qe6 17. Ng5 Bc3+ 18. Kf1 Qd7 19. Ne4 Bd4 20. Bd2 Qe6 21. Ng5
Qf6 22. Re1 Bc2 23. Nf3 Bc5 24. Kg1 Ne5 25. Bg5 Qf5 26. Bxe7 Re8 27. Bg5 Be4
28. Bh3 Nxf3+ 29. exf3 Qxf3 0-1

[Event "Hilton Open 2012"]
[Site "Basel"]
[Date "2012.01.04"]
[Round "6"]
[White "Toth, Ilona"]
[Black "Thomasson, Staffan"]
[Result "1/2-1/2"]
[WhiteElo "2146"]
[BlackElo "1988"]
[PlyCount "66"]
[EventDate "2012.??.??"]
[EventRounds "7"]
[EventCountry "SUI"]
[SourceDate "2012.01.01"]

1. e4 d5 2. exd5 Qxd5 3. Nc3 Qd6 4. h3 Nf6 5. Nf3 a6 6. d4 Nc6 7. Be3 Bf5 8.
Nh4 Be6 9. a3 g6 10. Qd2 Bg7 11. Nf3 O-O 12. Be2 Rfd8 13. Rd1 b5 14. Bf4 Qd7
15. Ne5 Nxe5 16. Bxe5 Rac8 17. Qg5 Bf5 18. Bd3 Bxd3 19. Rxd3 Qe6 20. O-O c5 21.
d5 Qb6 22. Qc1 b4 23. Bxf6 Qxf6 24. Rf3 Qd6 25. Na4 Rb8 26. Rd1 e6 27. c4 bxc3
28. Nxc3 Bxc3 29. Rxc3 Rbc8 30. Rcd3 exd5 31. Rxd5 Qxd5 32. Rxd5 Rxd5 33. Qc4
Rd6 1/2-1/2

[Event "Hilton Open 2012"]
[Site "Basel"]
[Date "2012.01.04"]
[Round "6"]
[White "Sevenyuk, Alexey"]
[Black "Ditzler, Juerg"]
[Result "1/2-1/2"]
[WhiteElo "1916"]
[BlackElo "2061"]
[PlyCount "82"]
[EventDate "2012.??.??"]
[EventRounds "7"]
[EventCountry "SUI"]
[SourceDate "2012.01.01"]

1. e4 g6 2. d4 Bg7 3. Nc3 d6 4. Be3 a6 5. f3 Nd7 6. g4 c5 7. h4 h6 8. a4 cxd4
9. Bxd4 Ne5 10. f4 Bxg4 11. Be2 Bxe2 12. Qxe2 Nc6 13. Bxg7 Rh7 14. Bxh6 Rxh6
15. O-O-O Qa5 16. Nf3 Nf6 17. e5 dxe5 18. fxe5 Nh5 19. Qd2 Rh8 20. Qd7+ Kf8 21.
Qxb7 Kg7 22. Qxc6 Rab8 23. Qc4 Qb6 24. b3 Qe3+ 25. Kb2 Qxf3 26. Rhf1 Rhc8 27.
Qxc8 Qxd1 28. Rxd1 Rxc8 29. Rd7 e6 30. Ne4 Nf4 31. Rxf7+ Kxf7 32. Nd6+ Kf8 33.
Nxc8 Ng2 34. b4 Nxh4 35. b5 axb5 36. axb5 Nf3 37. c4 Nxe5 38. c5 Nd3+ 39. Kc3
Nxc5 40. Kd4 Nd7 41. b6 Nxb6 1/2-1/2

[Event "Hilton Open 2012"]
[Site "Basel"]
[Date "2012.01.04"]
[Round "6"]
[White "Sperzel, Bernd"]
[Black "Moos, Gerd"]
[Result "1/2-1/2"]
[WhiteElo "1983"]
[BlackElo "2016"]
[PlyCount "55"]
[EventDate "2012.??.??"]
[EventRounds "7"]
[EventCountry "SUI"]
[SourceDate "2012.01.01"]

1. d4 d5 2. Nf3 Nf6 3. e3 Bf5 4. c4 c6 5. Nc3 e6 6. Be2 Nbd7 7. O-O Bd6 8. b3
O-O 9. Bb2 h6 10. cxd5 exd5 11. Bd3 Bxd3 12. Qxd3 Qe7 13. Ne2 Rfe8 14. Ng3 g6
15. Nd2 Ng4 16. Rae1 Bxg3 17. hxg3 f5 18. f3 Ngf6 19. g4 Qh7 20. gxf5 gxf5 21.
e4 fxe4 22. fxe4 Nxe4 23. Nxe4 Rxe4 24. Rxe4 Qxe4 25. Qg3+ Kh8 26. Qh3 Rg8 27.
Rf7 Nf8 28. Qxh6+ 1/2-1/2

[Event "Hilton Open 2012"]
[Site "Basel"]
[Date "2012.01.04"]
[Round "6"]
[White "Moser, Guido"]
[Black "Mueller, Louis"]
[Result "1-0"]
[WhiteElo "1994"]
[BlackElo "1828"]
[PlyCount "77"]
[EventDate "2012.??.??"]
[EventRounds "7"]
[EventCountry "SUI"]
[SourceDate "2012.01.01"]

1. d4 f5 2. h3 Nf6 3. g4 d5 4. g5 Ne4 5. Bf4 Nc6 6. e3 g6 7. Nf3 Bg7 8. Nbd2 e5
9. dxe5 Qe7 10. Bb5 Bd7 11. Bxc6 Bxc6 12. Nb3 Qb4+ 13. c3 Nxc3 14. bxc3 Qxc3+
15. Qd2 d4 16. Qxc3 dxc3 17. Nbd4 Be4 18. Ke2 O-O 19. Ne6 Rf7 20. Nxg7 Rxg7 21.
Rhc1 c2 22. Nd2 Rd8 23. Nxe4 fxe4 24. Rxc2 c6 25. Rd2 Rgd7 26. Rad1 Rxd2+ 27.
Rxd2 Rxd2+ 28. Kxd2 Kf7 29. Kc3 Ke6 30. Kd4 a5 31. Kxe4 c5 32. Kd3 b5 33. e4 a4
34. Bg3 b4 35. f4 b3 36. axb3 axb3 37. Kc3 c4 38. Bf2 Kf7 39. Bd4 1-0

[Event "Hilton Open 2012"]
[Site "Basel"]
[Date "2012.01.05"]
[Round "7"]
[White "Cherniaev, Alexander"]
[Black "Fier, Alexandr"]
[Result "1/2-1/2"]
[WhiteElo "2469"]
[BlackElo "2603"]
[PlyCount "109"]
[EventDate "2012.??.??"]
[EventRounds "7"]
[EventCountry "SUI"]
[SourceDate "2012.01.01"]

1. e4 Nf6 2. e5 Nd5 3. d4 d6 4. c4 Nb6 5. exd6 exd6 6. Nc3 Nc6 7. b3 Be7 8. d5
Ne5 9. Be2 O-O 10. Bd3 Bf6 11. Nge2 Re8 12. O-O Nxd3 13. Qxd3 Rxe2 14. Qxe2
Bxc3 15. Bb2 Bxb2 16. Qxb2 c6 17. dxc6 bxc6 18. Rad1 d5 19. cxd5 Nxd5 20. Rfe1
Be6 21. Rd4 Qb6 22. Qd2 Nf6 23. h3 Bd5 24. Ra4 h6 25. Qa5 Qb7 26. Qc5 a6 27.
Re7 Qc8 28. Ra7 Rxa7 29. Qxa7 Qf5 30. Qa8+ Kh7 31. Qxa6 Ne4 32. Qf1 Qg6 33. Rd4
f5 34. Rd3 h5 35. f3 Ng3 36. Qe1 f4 37. Rd2 Qf6 38. Rd1 g5 39. Qe8 Kh6 40. Re1
Nf5 41. Qe5 Qf8 42. Kh2 Ne3 43. h4 gxh4 44. Rh1 Kg6 45. Rg1 Qf7 46. Re1 Kh7 47.
Qg5 h3 48. Kxh3 Qe6+ 49. Kh2 Ng4+ 50. fxg4 Qxe1 51. Qf5+ Kg7 52. Qg5+ Kf8 53.
Qxf4+ Bf7 54. gxh5 Qe2 55. Qd6+ 1/2-1/2

[Event "Hilton Open 2012"]
[Site "Basel"]
[Date "2012.01.05"]
[Round "7"]
[White "Pelletier, Yannick"]
[Black "Prohaszka, Peter"]
[Result "1/2-1/2"]
[WhiteElo "2589"]
[BlackElo "2547"]
[PlyCount "64"]
[EventDate "2012.??.??"]
[EventRounds "7"]
[EventCountry "SUI"]
[SourceDate "2012.01.01"]

1. d4 d5 2. c4 c6 3. Nc3 Nf6 4. e3 g6 5. Nf3 Bg7 6. Be2 O-O 7. O-O a6 8. a4 a5
9. Qb3 e6 10. Rd1 Nbd7 11. Qc2 b6 12. e4 dxe4 13. Nxe4 Qc7 14. Nc3 Re8 15. h3
e5 16. dxe5 Nxe5 17. Nxe5 Qxe5 18. Be3 Bf5 19. Bd3 Bxd3 20. Rxd3 Qe6 21. Bxb6
Qxc4 22. Rc1 Reb8 23. Bc7 Rxb2 24. Qxb2 Qxd3 25. Rd1 Qa6 26. Be5 Qc4 27. Qb7
Re8 28. Qc7 Nd5 29. Nxd5 cxd5 30. Bg3 Qxc7 31. Bxc7 d4 32. Rb1 d3 1/2-1/2

[Event "Hilton Open 2012"]
[Site "Basel"]
[Date "2012.01.05"]
[Round "7"]
[White "Kozhuharov, Spas"]
[Black "Bartel, Mateusz"]
[Result "0-1"]
[WhiteElo "2432"]
[BlackElo "2658"]
[PlyCount "72"]
[EventDate "2012.??.??"]
[EventRounds "7"]
[EventCountry "SUI"]
[SourceDate "2012.01.01"]

1. Nf3 f5 2. c4 g6 3. d4 Bg7 4. g3 Nf6 5. Bg2 O-O 6. O-O d6 7. b4 c6 8. Bb2 a5
9. a3 d5 10. Nbd2 Ne4 11. e3 Be6 12. cxd5 Bxd5 13. Nxe4 Bxe4 14. Nd2 Bxg2 15.
Kxg2 Qd5+ 16. Kg1 axb4 17. axb4 Rxa1 18. Bxa1 Na6 19. Qa4 Nc7 20. Qa7 Qb5 21.
Qc5 Nd5 22. Qxb5 cxb5 23. Nb1 Rc8 24. Na3 e6 25. Nxb5 Bf8 26. Bb2 Rc2 27. Ba3
Ra2 28. Rc1 g5 29. h3 h5 30. Rc8 g4 31. hxg4 hxg4 32. Bc1 Kf7 33. Ba3 Be7 34.
Rb8 b6 35. Kf1 Nf6 36. Rxb6 Ne4 0-1

[Event "Hilton Open 2012"]
[Site "Basel"]
[Date "2012.01.05"]
[Round "7"]
[White "Vorobiov, Evgeny E"]
[Black "Enchev, Ivajlo"]
[Result "1/2-1/2"]
[WhiteElo "2589"]
[BlackElo "2430"]
[PlyCount "37"]
[EventDate "2012.??.??"]
[EventRounds "7"]
[EventCountry "SUI"]
[SourceDate "2012.01.01"]

1. e4 c5 2. Nf3 e6 3. d3 Nc6 4. g3 g6 5. Bg2 Bg7 6. O-O Nge7 7. c3 e5 8. a3 O-O
9. b4 cxb4 10. axb4 b5 11. Nbd2 a5 12. bxa5 Rxa5 13. Rb1 d5 14. Nb3 Ra2 15. Be3
dxe4 16. dxe4 Be6 17. Nfd2 Na5 18. Nc5 Nc4 19. Nxe6 1/2-1/2

[Event "Hilton Open 2012"]
[Site "Basel"]
[Date "2012.01.05"]
[Round "7"]
[White "Vorotnikov, Vladislav V"]
[Black "Ghaem Maghami, Ehsan"]
[Result "1/2-1/2"]
[WhiteElo "2440"]
[BlackElo "2570"]
[PlyCount "119"]
[EventDate "2012.??.??"]
[EventRounds "7"]
[EventCountry "SUI"]
[SourceDate "2012.01.01"]

1. d4 Nf6 2. Nf3 e6 3. e3 b6 4. Nbd2 Bb7 5. Bd3 c5 6. c3 Nc6 7. O-O Qc7 8. Qe2
Be7 9. a3 d5 10. e4 dxe4 11. Nxe4 cxd4 12. cxd4 O-O 13. Be3 Nd5 14. Rac1 Nf4
15. Bxf4 Qxf4 16. Qe3 Qxe3 17. fxe3 Rfc8 18. Nc3 Rd8 19. Be4 Rac8 20. Rfd1 Kf8
21. Kf2 g6 22. Nb5 a5 23. Nc3 f5 24. Bb1 Na7 25. Ba2 Rd6 26. Ne5 Bf6 27. a4
Bxe5 28. dxe5 Rxd1 29. Rxd1 Ke7 30. Rd6 Rc6 31. Rd4 Rc5 32. Rd6 Rc6 33. Rd2 Ba6
34. e4 Bc4 35. exf5 gxf5 36. Bxc4 Rxc4 37. Rd3 Nc6 38. Rd6 h5 39. h3 Nxe5 40.
Rxb6 Nd3+ 41. Ke2 Nc5 42. Rb5 Nxa4 43. Kd3 Rh4 44. Nd1 Kd6 45. Rxa5 Nc5+ 46.
Kc3 Re4 47. b4 Nd7 48. Ra6+ Kc7 49. Nf2 Re2 50. Nd3 e5 51. Nc5 Nxc5 52. bxc5
Rxg2 53. Rf6 f4 54. Kc4 Rd2 55. Rf5 Rd4+ 56. Kb5 Rd7 57. Rxe5 Rf7 58. Re1 f3
59. Kc4 f2 60. Rf1 1/2-1/2

[Event "Hilton Open 2012"]
[Site "Basel"]
[Date "2012.01.05"]
[Round "7"]
[White "Dann, Matthias"]
[Black "Nikolov, Momchil"]
[Result "1-0"]
[WhiteElo "2381"]
[BlackElo "2560"]
[PlyCount "105"]
[EventDate "2012.??.??"]
[EventRounds "7"]
[EventCountry "SUI"]
[SourceDate "2012.01.01"]

1. e4 c5 2. Nf3 e6 3. d4 cxd4 4. Nxd4 a6 5. Nc3 Qc7 6. Bd3 Nf6 7. f4 d6 8. Qf3
b5 9. g4 Bb7 10. g5 Nfd7 11. Be3 Nc5 12. f5 exf5 13. Nxf5 Nbd7 14. Bd4 Ne6 15.
Qe3 Nxd4 16. Qxd4 Ne5 17. O-O-O Bc6 18. Kb1 g6 19. Nd5 Bxd5 20. Qxd5 Rc8 21.
Rhe1 h6 22. Nd4 hxg5 23. a4 Bg7 24. axb5 O-O 25. c3 Qb6 26. Rf1 axb5 27. Qxb5
Qa7 28. Qd5 Qb6 29. Qb5 Qc7 30. Qd5 Rb8 31. Nb5 Qb6 32. Be2 Rfc8 33. Qxd6 Qe3
34. Qd2 Qxe4+ 35. Qc2 Qc6 36. Na7 Qb6 37. Nxc8 Rxc8 38. Rd5 Qc7 39. Rfd1 g4 40.
Rb5 Kh7 41. Rdd5 Re8 42. Qe4 f5 43. Qf4 Qe7 44. h3 Nc6 45. Bd1 Bh6 46. Qc4 g3
47. Bf3 Nd8 48. Re5 Qd7 49. Rbd5 Qf7 50. Rxe8 Qxe8 51. Qc7+ Nf7 52. Rd7 Kg7 53.
Bd5 1-0

[Event "Hilton Open 2012"]
[Site "Basel"]
[Date "2012.01.05"]
[Round "7"]
[White "Vulevic, Vjekoslav"]
[Black "Skembris, Spyridon"]
[Result "0-1"]
[WhiteElo "2294"]
[BlackElo "2463"]
[PlyCount "70"]
[EventDate "2012.??.??"]
[EventRounds "7"]
[EventCountry "SUI"]
[SourceDate "2012.01.01"]

1. d4 Nf6 2. c4 e6 3. Nc3 d5 4. Nf3 Be7 5. e3 O-O 6. b3 c5 7. Bb2 Nc6 8. Bd3
cxd4 9. exd4 g6 10. Be2 b6 11. O-O Ba6 12. Rc1 Rc8 13. cxd5 Bxe2 14. Qxe2 Nxd5
15. Ne4 Rc7 16. g3 Qd7 17. h4 Rfc8 18. Rcd1 Ncb4 19. a3 Rc2 20. Rd2 Rxd2 21.
Nfxd2 Nc6 22. h5 f5 23. hxg6 hxg6 24. Re1 fxe4 25. Qxe4 Kf7 26. Nf3 Bf6 27. g4
Re8 28. Kg2 Qd6 29. Bc1 Rh8 30. Bg5 Bxd4 31. Nxd4 Qh2+ 32. Kf1 Qh1+ 33. Qxh1
Rxh1+ 34. Kg2 Rxe1 35. Nxc6 a5 0-1

[Event "Hilton Open 2012"]
[Site "Basel"]
[Date "2012.01.05"]
[Round "7"]
[White "Heimann, Andreas"]
[Black "Filipovic, Branko"]
[Result "1/2-1/2"]
[WhiteElo "2459"]
[BlackElo "2374"]
[PlyCount "153"]
[EventDate "2012.??.??"]
[EventRounds "7"]
[EventCountry "SUI"]
[SourceDate "2012.01.01"]

1. e4 d5 2. exd5 Nf6 3. d4 Bg4 4. Bb5+ Nbd7 5. Be2 Bxe2 6. Qxe2 Nxd5 7. c4 N5f6
8. Nf3 e6 9. O-O Bd6 10. Nc3 O-O 11. c5 Be7 12. Bf4 Rc8 13. b4 Re8 14. Rfe1 Nf8
15. Qb5 Nd5 16. Nxd5 exd5 17. Qxb7 Ne6 18. Be5 Rb8 19. Qxa7 Rxb4 20. Rab1 Qb8
21. Qxb8 Rexb8 22. Rxb4 Rxb4 23. Bxc7 Bxc5 24. dxc5 Nxc7 25. c6 Rc4 26. Ne5 Rc2
27. Rb1 h6 28. g3 f6 29. Rb7 fxe5 30. Rxc7 Rxa2 31. Rd7 Rc2 32. Rxd5 Rxc6 33.
Rxe5 Kf7 34. h4 Kf6 35. Ra5 Kg6 36. h5+ Kf6 37. Kg2 Rb6 38. Kh3 Rc6 39. Ra4 Kf7
40. Rf4+ Kg8 41. Kg4 Rc5 42. Rf5 Rc6 43. Rd5 Rf6 44. f3 Kh7 45. Rd8 Rf7 46. Re8
Ra7 47. Kh3 Rb7 48. g4 Rf7 49. Kg3 Ra7 50. Kf4 Rf7+ 51. Ke4 Ra7 52. f4 Ra1 53.
Kf5 Rf1 54. Re4 Rg1 55. Rd4 Re1 56. Rd7 Rf1 57. Rf7 Rg1 58. Rf8 Re1 59. Rd8 Rf1
60. Re8 Rg1 61. Re2 Rf1 62. Re7 Rg1 63. Re4 Rg2 64. Re1 Rf2 65. Ke4 Ra2 66. Kf3
Ra3+ 67. Re3 Ra1 68. f5 Ra6 69. Re8 Rb6 70. Kf4 Rb4+ 71. Re4 Rb5 72. Rd4 Ra5
73. Ke4 Rb5 74. f6 gxf6 75. Rd5 Rb7 76. Kf5 Kg7 77. Ra5 1/2-1/2

[Event "Hilton Open 2012"]
[Site "Basel"]
[Date "2012.01.05"]
[Round "7"]
[White "Hera, Imre Jr"]
[Black "Toth, Bela"]
[Result "1-0"]
[WhiteElo "2558"]
[BlackElo "2350"]
[PlyCount "63"]
[EventDate "2012.??.??"]
[EventRounds "7"]
[EventCountry "SUI"]
[SourceDate "2012.01.01"]

1. Nf3 Nf6 2. c4 e6 3. g3 b6 4. Bg2 Bb7 5. d4 Be7 6. O-O O-O 7. Re1 d5 8. cxd5
exd5 9. Nc3 a6 10. Bf4 Nbd7 11. Rc1 c5 12. dxc5 Nxc5 13. Nd4 Nce4 14. Nxe4 dxe4
15. Nc6 Bxc6 16. Rxc6 Qd5 17. Qxd5 Nxd5 18. Bd6 Bxd6 19. Rxd6 Nf6 20. Rxb6 Rfb8
21. Rxb8+ Rxb8 22. Rc1 Kf8 23. Rc2 Rd8 24. Bh3 Rd1+ 25. Kg2 Nd5 26. a3 e3 27.
Bf5 Rd2 28. Kf3 g6 29. Bd3 Rxc2 30. Bxc2 exf2 31. Kxf2 a5 32. Bb3 1-0

[Event "Hilton Open 2012"]
[Site "Basel"]
[Date "2012.01.05"]
[Round "7"]
[White "Cebalo, Miso"]
[Black "Metz, Hartmut"]
[Result "1-0"]
[WhiteElo "2444"]
[BlackElo "2319"]
[PlyCount "83"]
[EventDate "2012.??.??"]
[EventRounds "7"]
[EventCountry "SUI"]
[SourceDate "2012.01.01"]

1. c4 c6 2. g3 d5 3. Nf3 Nf6 4. Bg2 Bf5 5. cxd5 cxd5 6. Qb3 Qb6 7. Qxb6 axb6 8.
Nc3 Nc6 9. d3 e6 10. O-O Be7 11. Bf4 O-O 12. a3 h6 13. h4 Rfc8 14. Rac1 Ne8 15.
Nb5 Bg4 16. e4 e5 17. Nxe5 Nxe5 18. Bxe5 Be2 19. Rfe1 Bxd3 20. Nc7 Nxc7 21.
Rxc7 Rxc7 22. Bxc7 dxe4 23. Bxe4 Bxe4 24. Rxe4 Bc5 25. b4 Rc8 26. Bf4 Bf8 27.
Be3 Ra8 28. Bxb6 f5 29. Re3 f4 30. gxf4 Bd6 31. Kg2 Bxf4 32. Re7 Rxa3 33. Rxb7
Be5 34. Be3 Rb3 35. b5 Rb4 36. b6 Rxh4 37. Re7 Bd6 38. Rd7 Be5 39. Rd5 Bh2 40.
f4 Bxf4 41. Bxf4 Rxf4 42. Rd8+ 1-0

[Event "Hilton Open 2012"]
[Site "Basel"]
[Date "2012.01.05"]
[Round "7"]
[White "Dobosz, Henryk"]
[Black "Xheladini, Mahmut"]
[Result "1-0"]
[WhiteElo "2396"]
[BlackElo "2278"]
[PlyCount "51"]
[EventDate "2012.??.??"]
[EventRounds "7"]
[EventCountry "SUI"]
[SourceDate "2012.01.01"]

1. e4 c6 2. d4 d6 3. c4 Nd7 4. Nc3 e5 5. Nf3 Ngf6 6. Be2 Qc7 7. O-O h6 8. b4
exd4 9. Nxd4 d5 10. exd5 Bxb4 11. dxc6 Bxc3 12. Nb5 Qxc6 13. Bf3 Qb6 14. Ba3
Nc5 15. Nxc3 Be6 16. Na4 Nxa4 17. Qxa4+ Bd7 18. Rfe1+ Kd8 19. Qd1 Re8 20. Rxe8+
Kxe8 21. Rb1 Qa6 22. Bxb7 Qxa3 23. Bxa8 Qxa2 24. Qe1+ Kd8 25. Rb8+ Bc8 26. Bb7
1-0

[Event "Hilton Open 2012"]
[Site "Basel"]
[Date "2012.01.05"]
[Round "7"]
[White "Minko, Vladimir"]
[Black "Schmidt Schaeffer, Sebastian"]
[Result "1/2-1/2"]
[WhiteElo "2038"]
[BlackElo "2376"]
[PlyCount "39"]
[EventDate "2012.??.??"]
[EventRounds "7"]
[EventCountry "SUI"]
[SourceDate "2012.01.01"]

1. d4 f5 2. c4 Nf6 3. Nf3 e6 4. Nc3 Bb4 5. Qc2 O-O 6. g3 d6 7. Bg2 Nc6 8. O-O
Bxc3 9. Qxc3 Ne4 10. Qc2 e5 11. e3 Qe8 12. a3 a5 13. b3 Nf6 14. dxe5 dxe5 15.
Bb2 e4 16. Nd4 Ne5 17. Nb5 Qe7 18. Bxe5 Qxe5 19. Rfd1 Be6 20. Rac1 1/2-1/2